Surveying takes on Europe (Record no. 68075)
[ view plain ]
| 000 -LEADER | |
|---|---|
| fixed length control field | 01041cam a2200229 4500 |
| 001 - CONTROL NUMBER | |
| control field | ABS64447 |
| 008 - FIXED-LENGTH DATA ELEMENTS--GENERAL INFORMATION | |
| fixed length control field | 010823n2001 000 0 eng u |
| 035 ## - SYSTEM CONTROL NUMBER | |
| System control number | (Sirsi) u114309 |
| 100 ## - MAIN ENTRY--PERSONAL NAME | |
| Personal name | Bardouil, S |
| 245 ## - TITLE STATEMENT | |
| Title | Surveying takes on Europe |
| 260 ## - PUBLICATION, DISTRIBUTION, ETC. | |
| Date of publication, distribution, etc. | 2001 |
| 490 ## - SERIES STATEMENT | |
| Series statement | CSM (Chartered Surveyor Monthly) |
| Volume/sequential designation | (7&8) July/August 2001, 20-22(3) |
| 520 ## - SUMMARY, ETC. | |
| Summary, etc. | Review of the development and rationale of the European Society of Chartered Surveyors, based in Brussels, as the European office of RICS. Since its establishment in 1993, the number of chartered surveyors practising in Europe have increased, with most now trained in their own countries; national associations have also multiplied as RICS improves its international status as well as that of chartered surveyors. |
| 590 ## - LOCAL NOTE (RLIN) | |
| Local note | ABS |
| 650 ## - SUBJECT ADDED ENTRY--TOPICAL TERM | |
| Topical term or geographic name entry element | EUROPEAN SOCIETY OF CHARTERED SURVEYORS |
| 650 ## - SUBJECT ADDED ENTRY--TOPICAL TERM | |
| Topical term or geographic name entry element | EUROPE |
| 650 ## - SUBJECT ADDED ENTRY--TOPICAL TERM | |
| Topical term or geographic name entry element | SURVEYING PROFESSION |
| 650 ## - SUBJECT ADDED ENTRY--TOPICAL TERM | |
| Topical term or geographic name entry element | SURVEYING ASSOCIATIONS |
| 650 ## - SUBJECT ADDED ENTRY--TOPICAL TERM | |
| Topical term or geographic name entry element | ROYAL INSTITUTION OF CHARTERED SURVEYORS |
| 690 ## - LOCAL SUBJECT ADDED ENTRY--TOPICAL TERM (OCLC, RLIN) | |
| Topical term or geographic name as entry element | RICS NEWS |
| 942 ## - ADDED ENTRY ELEMENTS (KOHA) | |
| Suppress in OPAC | 0 |
| Withdrawn status | Lost status | Source of classification or shelving scheme | Damaged status | Not for loan | Home library | Current library | Shelving location | Date acquired | Total Checkouts | Full call number | Barcode | Date last seen | Copy number | Price effective from | Koha item type |
|---|---|---|---|---|---|---|---|---|---|---|---|---|---|---|---|
| Dewey Decimal Classification | London | London | Journal article | 23/08/2001 | ABS64447 | 114309-1001 | 06/08/2019 | 1 | 06/08/2019 | Journal article |